[Event "ODJM A 2025"]
[Site "Willingen GER"]
[Date "2025.06.08"]
[Round "2"]
[White "Andresen, Eric"]
[Black "Hoffmann, Kay"]
[Result "0-1"]
[Termination "normal"]
[Board "14"]
[WhiteElo "1889"]
[BlackElo "2123"]
[WhiteClock "00:00:36"]
[BlackClock "00:02:19"]
[PlyCount "90"]
[WhiteFideId "34641360"]
[BlackFideId "16227000"]
[EventCountry "GER"]
[EventRounds "9"]
[EventType "swiss"]
[EventDate "2025.06.07"]

1. Nf3 {[%clk 01:30:54]} {[%emt 00:00:06]} Nf6 {[%clk 01:30:55]} {[%emt
00:00:05]} 2. c4 {[%clk 01:31:12]} {[%emt 00:00:13]} e6 {[%clk 01:31:21]}
{[%emt 00:00:06]} 3. e3 {[%clk 01:31:25]} {[%emt 00:00:16]} d5 {[%clk
01:31:23]} {[%emt 00:00:31]} 4. Nc3 {[%clk 01:31:45]} {[%emt 00:00:07]} a6
{[%clk 01:31:41]} {[%emt 00:00:13]} 5. b3 {[%clk 01:31:44]} {[%emt 00:00:33]}
Be7 {[%clk 01:32:06]} {[%emt 00:00:03]} 6. Bb2 {[%clk 01:32:02]} {[%emt
00:00:13]} O-O {[%clk 01:32:28]} 7. Be2 {[%clk 01:32:25]} {[%emt 00:00:13]}
dxc4 {[%clk 01:32:06]} 8. bxc4 {[%clk 01:32:30]} {[%emt 00:01:19]} b6 {[%clk
01:32:29]} 9. O-O {[%clk 01:32:17]} {[%emt 00:00:47]} Bb7 {[%clk 01:32:54]} 10.
Qc2 {[%clk 01:31:28]} {[%emt 00:01:25]} Nbd7 {[%clk 01:24:50]} 11. d4 {[%clk
01:25:14]} {[%emt 00:15:19]} Bd6 {[%clk 01:10:35]} 12. Rad1 {[%clk 01:18:53]}
{[%emt 00:21:36]} Qe7 {[%clk 01:07:35]} 13. e4 {[%clk 00:56:13]} {[%emt
00:26:40]} e5 {[%clk 01:06:57]} 14. Nd5 {[%clk 00:48:54]} {[%emt 00:08:58]}
Bxd5 {[%clk 01:05:07]} 15. cxd5 {[%clk 00:25:34]} {[%emt 00:26:09]} exd4 {[%clk
00:53:16]} 16. Nd2 {[%clk 00:21:04]} {[%emt 00:17:21]} Rfe8 {[%clk 00:48:05]}
17. Bd3 {[%clk 00:16:50]} {[%emt 00:10:23]} Ne5 {[%clk 00:27:04]} 18. f3 {[%clk
00:11:44]} {[%emt 00:27:09]} Nxd5 {[%clk 00:24:25]} 19. exd5 {[%clk 00:06:38]}
{[%emt 00:08:44]} Nxd3 {[%clk 00:24:49]} 20. Ne4 {[%clk 00:05:04]} {[%emt
00:02:09]} Nxb2 {[%clk 00:23:57]} 21. Qxb2 {[%clk 00:03:45]} {[%emt 00:03:12]}
Bc5 {[%clk 00:23:45]} 22. Nxc5 {[%clk 00:02:32]} {[%emt 00:02:25]} bxc5 {[%clk
00:24:07]} 23. Qc2 {[%clk 00:02:02]} {[%emt 00:01:08]} Rad8 {[%clk 00:20:15]}
24. Qc4 {[%clk 00:01:38]} {[%emt 00:05:17]} Qe3+ {[%clk 00:13:33]} 25. Kh1
{[%clk 00:01:48]} {[%emt 00:07:31]} Qe5 {[%clk 00:13:48]} 26. Qxc5 {[%clk
00:01:23]} {[%emt 00:01:10]} Rxd5 {[%clk 00:14:10]} 27. Qc6 {[%clk 00:01:03]}
{[%emt 00:00:58]} a5 {[%clk 00:13:52]} 28. f4 {[%clk 00:00:48]} {[%emt
00:01:33]} Qe6 {[%clk 00:09:20]} 29. Qxc7 {[%clk 00:00:56]} {[%emt 00:05:25]}
g6 {[%clk 00:07:54]} 30. Qa7 {[%clk 00:00:40]} {[%emt 00:02:41]} d3 {[%clk
00:05:11]} 31. Qf2 {[%clk 00:00:38]} {[%emt 00:03:45]} Qf5 {[%clk 00:03:50]}
32. Rd2 {[%clk 00:00:39]} {[%emt 00:02:19]} g5 {[%clk 00:02:30]} 33. g3 {[%clk
00:00:38]} {[%emt 00:02:22]} Qe4+ {[%clk 00:02:07]} 34. Qf3 {[%clk 00:00:39]}
{[%emt 00:01:22]} gxf4 {[%clk 00:01:31]} 35. gxf4 {[%clk 00:00:35]} {[%emt
00:01:41]} Kg7 {[%clk 00:00:57]} {[%emt 00:01:03]} 36. Qxe4 {[%clk 00:00:35]}
{[%emt 00:00:29]} Rxe4 {[%clk 00:01:20]} {[%emt 00:00:07]} 37. Rf3 {[%clk
00:00:53]} {[%emt 00:00:12]} Red4 {[%clk 00:00:45]} {[%emt 00:01:06]} 38. Kg2
{[%clk 00:01:05]} {[%emt 00:00:17]} Kf6 {[%clk 00:01:12]} {[%emt 00:00:04]} 39.
Kf2 {[%clk 00:01:27]} {[%emt 00:00:08]} Kf5 {[%clk 00:01:20]} {[%emt 00:00:22]}
40. Ke3 {[%clk 00:01:15]} {[%emt 00:00:42]} Re4+ {[%clk 00:01:41]} {[%emt
00:00:08]} 41. Kf2 {[%clk 00:01:01]} {[%emt 00:00:44]} Rxf4 {[%clk 00:02:06]}
{[%emt 00:00:06]} 42. Kg3 {[%clk 00:00:54]} Rxf3+ {[%clk 00:02:29]} {[%emt
00:00:43]} 43. Kxf3 {[%clk 00:01:23]} {[%emt 00:00:02]} Ke5 {[%clk 00:02:48]}
{[%emt 00:00:11]} 44. Ke3 {[%clk 00:01:19]} {[%emt 00:00:34]} f5 {[%clk
00:02:09]} {[%emt 00:01:09]} 45. h4 {[%clk 00:00:36]} {[%emt 00:01:13]} f4+
{[%clk 00:02:19]} {[%emt 00:00:20]} 0-1

[Event "ODJM A 2025"]
[Site "Willingen GER"]
[Date "2025.06.08"]
[Round "2"]
[White "Meiwes, Thore"]
[Black "Seitz, Manuel"]
[Result "1/2-1/2"]
[Termination "normal"]
[Board "15"]
[WhiteElo "2139"]
[BlackElo "1859"]
[WhiteClock "00:37:12"]
[BlackClock "00:21:06"]
[PlyCount "97"]
[WhiteFideId "16201256"]
[BlackFideId "16215770"]
[EventCountry "GER"]
[EventRounds "9"]
[EventType "swiss"]
[EventDate "2025.06.07"]

1. d4 {[%clk 01:30:58]} {[%emt 00:00:03]} d5 {[%clk 01:30:51]} {[%emt
00:00:13]} 2. Nf3 {[%clk 01:31:22]} {[%emt 00:00:03]} Nf6 {[%clk 01:31:11]}
{[%emt 00:00:09]} 3. Bf4 {[%clk 01:31:47]} {[%emt 00:00:04]} e6 {[%clk
01:31:22]} {[%emt 00:00:19]} 4. e3 {[%clk 01:32:11]} {[%emt 00:00:06]} Bd6
{[%clk 01:31:36]} {[%emt 00:00:17]} 5. Ne5 {[%clk 01:32:37]} O-O {[%clk
01:31:04]} {[%emt 00:01:03]} 6. Nd2 {[%clk 01:32:59]} {[%emt 00:00:08]} c5
{[%clk 01:29:50]} {[%emt 00:01:44]} 7. c3 {[%clk 01:33:27]} {[%emt 00:00:03]}
Qc7 {[%clk 01:27:50]} {[%emt 00:02:29]} 8. Bd3 {[%clk 01:33:42]} {[%emt
00:00:15]} Nc6 {[%clk 01:24:22]} {[%emt 00:03:58]} 9. Ndf3 {[%clk 01:34:09]}
{[%emt 00:00:04]} Ne7 {[%clk 01:17:27]} {[%emt 00:07:24]} 10. Ng5 {[%clk
01:29:02]} {[%emt 00:05:36]} Ng6 {[%clk 01:03:03]} {[%emt 00:14:55]} 11. Nxg6
{[%clk 01:25:33]} {[%emt 00:03:58]} hxg6 {[%clk 00:58:46]} {[%emt 00:04:48]}
12. Bxd6 {[%clk 01:25:59]} {[%emt 00:00:04]} Qxd6 {[%clk 00:58:53]} {[%emt
00:00:23]} 13. f4 {[%clk 01:26:21]} {[%emt 00:00:07]} cxd4 {[%clk 00:54:33]}
{[%emt 00:04:51]} 14. cxd4 {[%clk 01:26:27]} {[%emt 00:00:23]} Qb4+ {[%clk
00:53:11]} {[%emt 00:01:52]} 15. Qd2 {[%clk 01:26:02]} {[%emt 00:00:56]} Qxd2+
{[%clk 00:53:00]} {[%emt 00:00:41]} 16. Kxd2 {[%clk 01:26:29]} {[%emt
00:00:03]} Bd7 {[%clk 00:52:34]} {[%emt 00:00:56]} 17. Rhc1 {[%clk 01:18:42]}
{[%emt 00:08:17]} Rac8 {[%clk 00:50:08]} {[%emt 00:02:56]} 18. Rc3 {[%clk
01:18:57]} {[%emt 00:00:14]} Rxc3 {[%clk 00:48:02]} {[%emt 00:02:37]} 19. bxc3
{[%clk 01:19:16]} {[%emt 00:00:10]} Rc8 {[%clk 00:45:14]} {[%emt 00:03:17]} 20.
Rb1 {[%clk 01:17:08]} {[%emt 00:02:39]} Rc7 {[%clk 00:43:38]} {[%emt 00:02:06]}
21. g3 {[%clk 01:14:28]} {[%emt 00:03:10]} Ne8 {[%clk 00:38:33]} {[%emt
00:05:35]} 22. Nf3 {[%clk 01:10:04]} {[%emt 00:04:53]} Nd6 {[%clk 00:36:24]}
{[%emt 00:02:40]} 23. Ne5 {[%clk 01:10:22]} {[%emt 00:00:12]} Kf8 {[%clk
00:35:22]} {[%emt 00:01:32]} 24. h4 {[%clk 01:04:32]} {[%emt 00:06:19]} Ke7
{[%clk 00:31:30]} {[%emt 00:04:20]} 25. g4 {[%clk 01:01:39]} {[%emt 00:03:25]}
Kf8 {[%clk 00:29:03]} {[%emt 00:02:58]} 26. g5 {[%clk 00:56:15]} {[%emt
00:05:53]} Ke7 {[%clk 00:26:33]} {[%emt 00:03:00]} 27. Rb4 {[%clk 00:39:36]}
{[%emt 00:17:09]} Kf8 {[%clk 00:22:29]} {[%emt 00:04:34]} 28. Kc2 {[%clk
00:37:26]} {[%emt 00:02:40]} Ke7 {[%clk 00:21:09]} {[%emt 00:01:51]} 29. Rb1
{[%clk 00:37:32]} {[%emt 00:00:23]} Ke8 {[%clk 00:19:28]} {[%emt 00:02:11]} 30.
Kb2 {[%clk 00:36:04]} {[%emt 00:01:58]} Ke7 {[%clk 00:18:49]} {[%emt 00:01:09]}
31. Rc1 {[%clk 00:34:34]} {[%emt 00:01:59]} Bb5 {[%clk 00:16:33]} {[%emt
00:02:46]} 32. Bc2 {[%clk 00:34:22]} {[%emt 00:00:42]} Nc4+ {[%clk 00:15:35]}
{[%emt 00:01:28]} 33. Nxc4 {[%clk 00:34:43]} {[%emt 00:00:10]} Bxc4 {[%clk
00:16:01]} {[%emt 00:00:04]} 34. Rh1 {[%clk 00:34:17]} {[%emt 00:00:56]} Be2
{[%clk 00:13:51]} {[%emt 00:02:40]} 35. Rh2 {[%clk 00:34:18]} {[%emt 00:00:29]}
Bf3 {[%clk 00:13:47]} {[%emt 00:00:33]} 36. Bd3 {[%clk 00:34:17]} {[%emt
00:00:30]} Rc8 {[%clk 00:12:34]} {[%emt 00:01:44]} 37. Rf2 {[%clk 00:33:17]}
{[%emt 00:01:31]} Bg4 {[%clk 00:11:18]} {[%emt 00:01:45]} 38. Kc2 {[%clk
00:31:41]} {[%emt 00:02:07]} Rh8 {[%clk 00:09:43]} {[%emt 00:02:04]} 39. Rh2
{[%clk 00:30:05]} {[%emt 00:02:07]} Rc8 {[%clk 00:09:39]} {[%emt 00:00:33]} 40.
Kd2 {[%clk 00:28:53]} {[%emt 00:01:43]} Kd6 {[%clk 00:07:57]} {[%emt 00:02:11]}
41. Rh1 {[%clk 00:27:21]} {[%emt 00:02:02]} Bf3 {[%clk 00:05:44]} {[%emt
00:02:44]} 42. Rb1 {[%clk 00:24:55]} {[%emt 00:02:54]} b6 {[%clk 00:04:20]}
{[%emt 00:01:55]} 43. a4 {[%clk 00:24:05]} {[%emt 00:01:21]} Rh8 {[%clk
00:01:25]} {[%emt 00:03:25]} 44. a5 {[%clk 00:20:32]} {[%emt 00:04:03]} Kc7
{[%clk 00:27:09]} {[%emt 00:04:45]} 45. axb6+ {[%clk 00:49:32]} {[%emt
00:01:30]} axb6 {[%clk 00:24:30]} {[%emt 00:03:10]} 46. Ra1 {[%clk 00:47:44]}
{[%emt 00:02:17]} Kb7 {[%clk 00:24:09]} {[%emt 00:00:52]} 47. Ba6+ {[%clk
00:41:53]} {[%emt 00:06:21]} Kc7 {[%clk 00:22:10]} {[%emt 00:02:29]} 48. Bb5
{[%clk 00:39:29]} {[%emt 00:02:53]} Kb7 {[%clk 00:21:06]} {[%emt 00:01:34]} 49.
Ba6+ {[%clk 00:37:12]} {[%emt 00:02:48]} 1/2-1/2

[Event "ODJM A 2025"]
[Site "Willingen GER"]
[Date "2025.06.08"]
[Round "2"]
[White "Hofmann, Lorenz"]
[Black "Nguyen, Ha Thanh"]
[Result "1-0"]
[Termination "normal"]
[Board "16"]
[WhiteElo "2104"]
[BlackElo "1950"]
[WhiteClock "00:18:53"]
[BlackClock "00:00:53"]
[PlyCount "115"]
[WhiteFideId "12995509"]
[BlackFideId "12942154"]
[EventCountry "GER"]
[EventRounds "9"]
[EventType "swiss"]
[EventDate "2025.06.07"]

1. e4 {[%clk 01:30:59]} {[%emt 00:00:03]} c5 {[%clk 01:30:48]} {[%emt
00:00:15]} 2. Nf3 {[%clk 01:31:24]} e6 {[%clk 01:31:13]} {[%emt 00:00:04]} 3.
d4 {[%clk 01:31:51]} {[%emt 00:00:03]} cxd4 {[%clk 01:31:37]} {[%emt 00:00:07]}
4. Nxd4 {[%clk 01:32:16]} {[%emt 00:00:03]} a6 {[%clk 01:31:57]} {[%emt
00:00:12]} 5. c4 {[%clk 01:32:36]} {[%emt 00:00:09]} Nf6 {[%clk 01:31:53]}
{[%emt 00:00:34]} 6. Nc3 {[%clk 01:33:02]} {[%emt 00:00:06]} Qc7 {[%clk
01:31:55]} {[%emt 00:00:27]} 7. Bd3 {[%clk 01:32:25]} {[%emt 00:01:07]} Bb4
{[%clk 01:29:48]} {[%emt 00:02:37]} 8. Nde2 {[%clk 01:31:49]} {[%emt 00:01:06]}
O-O {[%clk 01:28:46]} {[%emt 00:01:32]} 9. a3 {[%clk 01:22:30]} {[%emt
00:09:50]} Be7 {[%clk 01:23:02]} {[%emt 00:06:14]} 10. Bf4 {[%clk 01:18:08]}
{[%emt 00:04:51]} d6 {[%clk 01:22:44]} {[%emt 00:00:49]} 11. Rc1 {[%clk
01:13:35]} {[%emt 00:05:02]} b6 {[%clk 01:20:23]} {[%emt 00:02:51]} 12. O-O
{[%clk 01:11:06]} {[%emt 00:02:59]} Nbd7 {[%clk 01:18:49]} {[%emt 00:02:04]}
13. b4 {[%clk 01:06:52]} {[%emt 00:04:44]} Bb7 {[%clk 01:18:18]} {[%emt
00:01:01]} 14. f3 {[%clk 01:03:57]} {[%emt 00:03:25]} Ne5 {[%clk 01:07:45]}
{[%emt 00:11:03]} 15. Na4 {[%clk 00:55:09]} {[%emt 00:09:18]} Nfd7 {[%clk
01:04:19]} {[%emt 00:03:57]} 16. Be3 {[%clk 00:49:38]} {[%emt 00:06:00]} a5
{[%clk 00:45:41]} {[%emt 00:19:08]} 17. Nac3 {[%clk 00:43:58]} {[%emt
00:06:10]} axb4 {[%clk 00:41:16]} {[%emt 00:04:55]} 18. Nb5 {[%clk 00:43:58]}
{[%emt 00:00:31]} Qb8 {[%clk 00:40:43]} {[%emt 00:01:02]} 19. axb4 {[%clk
00:44:21]} {[%emt 00:00:07]} Rc8 {[%clk 00:39:48]} {[%emt 00:01:25]} 20. Ned4
{[%clk 00:38:32]} {[%emt 00:06:19]} Nxd3 {[%clk 00:33:43]} {[%emt 00:06:34]}
21. Qxd3 {[%clk 00:39:01]} {[%emt 00:00:01]} Ra4 {[%clk 00:30:43]} {[%emt
00:03:30]} 22. Qb3 {[%clk 00:26:53]} {[%emt 00:12:39]} Qa8 {[%clk 00:28:31]}
{[%emt 00:02:42]} 23. Bf4 {[%clk 00:24:53]} {[%emt 00:02:29]} d5 {[%clk
00:09:10]} {[%emt 00:19:52]} 24. Bd6 {[%clk 00:24:36]} {[%emt 00:00:46]} dxc4
{[%clk 00:08:25]} {[%emt 00:01:16]} 25. Rxc4 {[%clk 00:24:57]} {[%emt
00:00:10]} Rxc4 {[%clk 00:08:40]} {[%emt 00:00:14]} 26. Qxc4 {[%clk 00:25:04]}
{[%emt 00:00:23]} Bxd6 {[%clk 00:07:08]} {[%emt 00:02:02]} 27. Nxd6 {[%clk
00:25:30]} {[%emt 00:00:05]} Ba6 {[%clk 00:05:09]} {[%emt 00:02:28]} 28. N4b5
{[%clk 00:25:55]} {[%emt 00:00:04]} Ne5 {[%clk 00:02:31]} {[%emt 00:03:09]} 29.
Qd4 {[%clk 00:22:38]} {[%emt 00:03:46]} Bxb5 {[%clk 00:01:51]} {[%emt
00:01:10]} 30. Nxb5 {[%clk 00:22:42]} {[%emt 00:00:27]} Nc6 {[%clk 00:01:36]}
{[%emt 00:00:45]} 31. Qxb6 {[%clk 00:22:45]} {[%emt 00:00:26]} Nxb4 {[%clk
00:01:12]} {[%emt 00:00:55]} 32. Nc3 {[%clk 00:19:11]} {[%emt 00:04:03]} h6
{[%clk 00:01:09]} {[%emt 00:00:34]} 33. Nxa4 {[%clk 00:19:30]} {[%emt
00:00:11]} Qxa4 {[%clk 00:01:29]} {[%emt 00:00:10]} 34. h3 {[%clk 00:16:41]}
{[%emt 00:03:18]} Nc2 {[%clk 00:01:12]} {[%emt 00:00:47]} 35. Rd1 {[%clk
00:16:13]} {[%emt 00:00:58]} Qc4 {[%clk 00:01:02]} {[%emt 00:00:41]} 36. e5
{[%clk 00:14:53]} {[%emt 00:01:50]} Qe2 {[%clk 00:01:00]} {[%emt 00:00:31]} 37.
Qd8+ {[%clk 00:15:19]} {[%emt 00:00:05]} Kh7 {[%clk 00:01:18]} {[%emt
00:00:12]} 38. Qd3+ {[%clk 00:15:45]} {[%emt 00:00:04]} Qxd3 {[%clk 00:01:36]}
{[%emt 00:00:12]} 39. Rxd3 {[%clk 00:16:11]} {[%emt 00:00:04]} Nb4 {[%clk
00:01:57]} {[%emt 00:00:09]} 40. Rd7 {[%clk 00:16:27]} {[%emt 00:00:13]} Kg6
{[%clk 00:02:19]} {[%emt 00:00:08]} 41. Kf2 {[%clk 00:16:23]} {[%emt 00:00:35]}
f6 {[%clk 00:24:48]} {[%emt 00:08:01]} 42. exf6 {[%clk 00:44:06]} {[%emt
00:02:47]} Kxf6 {[%clk 00:22:30]} {[%emt 00:02:47]} 43. g3 {[%clk 00:42:00]}
{[%emt 00:02:36]} Nd5 {[%clk 00:17:31]} {[%emt 00:05:31]} 44. Ke2 {[%clk
00:36:57]} {[%emt 00:05:32]} Ne7 {[%clk 00:16:19]} {[%emt 00:01:41]} 45. Ra7
{[%clk 00:33:38]} {[%emt 00:03:49]} Nf5 {[%clk 00:15:02]} {[%emt 00:01:48]} 46.
Kf2 {[%clk 00:32:57]} {[%emt 00:01:11]} Ne7 {[%clk 00:13:48]} {[%emt 00:01:44]}
47. Ra8 {[%clk 00:29:46]} {[%emt 00:03:40]} Nd5 {[%clk 00:12:03]} {[%emt
00:02:15]} 48. Rf8+ {[%clk 00:26:23]} {[%emt 00:03:52]} Ke7 {[%clk 00:12:20]}
{[%emt 00:00:15]} 49. Rh8 {[%clk 00:25:36]} {[%emt 00:01:16]} Kf6 {[%clk
00:12:00]} {[%emt 00:00:50]} 50. h4 {[%clk 00:25:12]} {[%emt 00:00:54]} Kf7
{[%clk 00:11:10]} {[%emt 00:01:20]} 51. g4 {[%clk 00:20:19]} {[%emt 00:05:23]}
Nf4 {[%clk 00:10:40]} {[%emt 00:01:00]} 52. h5 {[%clk 00:20:02]} {[%emt
00:00:48]} Nd5 {[%clk 00:10:06]} {[%emt 00:01:04]} 53. Kg3 {[%clk 00:19:21]}
{[%emt 00:01:10]} Ne3 {[%clk 00:03:38]} {[%emt 00:06:58]} 54. Kf4 {[%clk
00:18:42]} {[%emt 00:01:09]} Nd5+ {[%clk 00:03:20]} {[%emt 00:00:49]} 55. Ke5
{[%clk 00:18:44]} {[%emt 00:00:28]} Ne3 {[%clk 00:02:38]} {[%emt 00:01:11]} 56.
Rc8 {[%clk 00:18:34]} {[%emt 00:00:41]} Nd5 {[%clk 00:01:27]} {[%emt 00:01:40]}
57. Ra8 {[%clk 00:18:31]} {[%emt 00:00:33]} Nf6 {[%clk 00:00:53]} {[%emt
00:01:04]} 58. Ra7+ {[%clk 00:18:53]} {[%emt 00:00:07]} 1-0

[Event "ODJM A 2025"]
[Site "Willingen GER"]
[Date "2025.06.08"]
[Round "2"]
[White "Ronsin, Corentin"]
[Black "Andresen, Marc"]
[Result "1-0"]
[Termination "normal"]
[Board "17"]
[WhiteElo "2064"]
[BlackElo "1857"]
[WhiteClock "00:37:33"]
[BlackClock "00:34:17"]
[PlyCount "57"]
[WhiteFideId "34641742"]
[BlackFideId "16233719"]
[EventCountry "GER"]
[EventRounds "9"]
[EventType "swiss"]
[EventDate "2025.06.07"]

1. e4 {[%clk 01:30:57]} {[%emt 00:00:04]} c6 {[%clk 01:30:55]} {[%emt
00:00:03]} 2. Nc3 {[%clk 01:31:03]} {[%emt 00:00:24]} d5 {[%clk 01:31:20]}
{[%emt 00:00:05]} 3. Nf3 {[%clk 01:31:22]} {[%emt 00:00:13]} dxe4 {[%clk
01:31:45]} {[%emt 00:00:04]} 4. Nxe4 {[%clk 01:31:47]} {[%emt 00:00:05]} Nf6
{[%clk 01:32:07]} {[%emt 00:00:16]} 5. Qe2 {[%clk 01:32:12]} Nxe4 {[%clk
01:32:32]} {[%emt 00:00:01]} 6. Qxe4 {[%clk 01:32:34]} {[%emt 00:00:09]} Nd7
{[%clk 01:32:59]} {[%emt 00:00:02]} 7. Bc4 {[%clk 01:32:54]} {[%emt 00:00:10]}
Nf6 {[%clk 01:33:25]} {[%emt 00:00:04]} 8. Ne5 {[%clk 01:33:20]} {[%emt
00:00:05]} e6 {[%clk 01:33:50]} {[%emt 00:00:05]} 9. Qe2 {[%clk 01:33:46]}
{[%emt 00:00:03]} b5 {[%clk 01:34:16]} {[%emt 00:00:03]} 10. Bd3 {[%clk
01:33:38]} {[%emt 00:00:39]} Qc7 {[%clk 01:34:41]} {[%emt 00:00:06]} 11. a4
{[%clk 01:34:03]} {[%emt 00:00:04]} Bd6 {[%clk 01:29:51]} {[%emt 00:05:20]} 12.
Nxc6 {[%clk 01:32:04]} {[%emt 00:02:29]} b4 {[%clk 01:29:57]} {[%emt 00:00:24]}
13. Nd4 {[%clk 01:29:34]} {[%emt 00:02:59]} a6 {[%clk 01:30:23]} {[%emt
00:00:05]} 14. Nf5 {[%clk 01:26:30]} {[%emt 00:03:34]} Bb7 {[%clk 01:25:55]}
{[%emt 00:04:57]} 15. Nxg7+ {[%clk 01:20:04]} {[%emt 00:06:57]} Kf8 {[%clk
01:03:49]} {[%emt 00:22:36]} 16. Nh5 {[%clk 01:20:25]} {[%emt 00:00:09]} Bxg2
{[%clk 01:02:04]} {[%emt 00:02:15]} 17. Rg1 {[%clk 01:18:08]} {[%emt 00:02:44]}
Nxh5 {[%clk 01:02:03]} {[%emt 00:00:33]} 18. Qxh5 {[%clk 01:17:45]} {[%emt
00:00:53]} Bd5 {[%clk 01:02:10]} {[%emt 00:00:23]} 19. b3 {[%clk 00:53:01]}
{[%emt 00:25:15]} Be5 {[%clk 00:59:10]} {[%emt 00:03:29]} 20. Rb1 {[%clk
00:53:06]} {[%emt 00:00:26]} Bxh2 {[%clk 00:56:48]} {[%emt 00:02:52]} 21. Rg5
{[%clk 00:51:16]} {[%emt 00:02:20]} Bf4 {[%clk 00:48:34]} {[%emt 00:08:44]} 22.
Rxd5 {[%clk 00:39:12]} {[%emt 00:12:34]} exd5 {[%clk 00:47:45]} {[%emt
00:01:20]} 23. Bb2 {[%clk 00:39:28]} {[%emt 00:00:13]} Re8+ {[%clk 00:46:51]}
{[%emt 00:01:24]} 24. Kf1 {[%clk 00:39:52]} {[%emt 00:00:05]} Be5 {[%clk
00:45:18]} {[%emt 00:02:04]} 25. Qh6+ {[%clk 00:40:16]} {[%emt 00:00:06]} Kg8
{[%clk 00:44:23]} {[%emt 00:01:25]} 26. Re1 {[%clk 00:38:42]} {[%emt 00:02:04]}
f6 {[%clk 00:33:34]} {[%emt 00:11:19]} 27. f4 {[%clk 00:37:30]} {[%emt
00:01:42]} Kf7 {[%clk 00:33:51]} {[%emt 00:00:13]} 28. fxe5 {[%clk 00:37:44]}
{[%emt 00:00:17]} fxe5 {[%clk 00:34:17]} {[%emt 00:00:04]} 29. Qh5+ {[%clk
00:37:33]} {[%emt 00:00:41]} 1-0